Communes Finistère en breton - Statistiques

Statistiques générales
  • Ce quiz a été pris 43 fois
  • Le résultat moyen est 53 sur 277
Statistiques - réponses
Communes Traduction % Correct
Brest Brest
71%
Quimper Kemper
68%
Morlaix Montroulez
59%
Cast Kast
53%
Penmarch Penmarc'h
53%
Bannalec Banaleg
50%
Douarnenez Douarnenez
50%
Quimperlé Kemperle
50%
Névez Névez
50%
Edern Edern
44%
Concarneau Konk-Kerne
44%
Laz Laz
44%
Plabennec Plabenneg
44%
Riec-sur-Belon Rieg
44%
Bolazec Bolazeg
41%
Le Faou Ar Faou
38%
Bodilis Bodiliz
38%
Hanvec Hañveg
38%
Châteaulin Kastellin
38%
Kerlaz Kerlaz
38%
Kernilis Kerniliz
38%
Landerneau Landerne
38%
Landudec Landudeg
38%
Landunvez Landunvez
38%
Langolen Langolen
38%
Lanmeur Lannmeur
38%
Lanvéoc Lanveog
38%
Mellac Mellag
38%
Rédéné Redené
38%
Roscanvel Roskanvel
38%
Gouézec Gouezeg
35%
Kerlouan Kerlouan
35%
Kernouës Kernouez
35%
Cléder Kleder
35%
Landévennec Landevenneg
35%
Landrévarzec Landrevarzeg
35%
Landudal Landudal
35%
Lanildut Lanildut
35%
Lannéanou Lanneanoù
35%
Lannilis Lanniliz
35%
Lennon Lennon
35%
Mahalon Mahalon
35%
Roscoff Rosko
35%
Brélès Brelez
32%
Daoulas Daoulaz
32%
Dirinon Dirinon
32%
Commana Kommanna
32%
Landéda Landeda
32%
Lesneven Lesneven
32%
Locmélar Lokmelar
32%
Lopérec Lopereg
32%
Saint-Pabu Sant Pabu
32%
Scaër Skaer
32%
Tourch Tourc’h
32%
Baye Bei
29%
Bénodet Benoded
29%
Brennilis Breniliz
29%
Elliant Eliant
29%
Ouessant Enez Eusa
29%
Ile-Tudy Enez Tudi
29%
Audierne Gwaien
29%
Guilers Gwiler
29%
Kergloff Kerglof
29%
Le Conquet Konk-Leon
29%
Coray Kore
29%
Crozon Kraozon
29%
Landeleau Landelo
29%
Landivisiau Landivizio
29%
Locquénolé Lokenole
29%
Locmaria-Plouzané Lokmaria-Plouzané
29%
Loctudy Loktudi
29%
Plonéis Ploneiz
29%
Plouguerneau Plougerne
29%
Plourin Plourin
29%
Santec Santeg
29%
Saint-Evarzec Sant-Evarzeg
29%
Trébabu Trebabu
29%
Trégarvan Tregarven
29%
Tréglonou Treglonoù
29%
Trégourez Tregourez
29%
Tréméoc Tremeog
29%
Gourlizon Gourlizon
26%
Locquirec Lokireg
26%
Locunolé Lokunole
26%
Plogonnec Plogoneg
26%
Plouezoc'h Plouezoc'h
26%
Plogoff Plougon
26%
Saint-Yvi Sant-Ivi
26%
Sizun Sizun
26%
Tréméven Tremeven
26%
Beuzec-Cap-Sizun Beuzeg ar C'Hab
24%
Ile-de-Sein Enez Sun
24%
Garlan Garlann
24%
Guengat Gwengad
24%
Guipavas Gwipavaz
24%
Camaret-sur-Mer Kameled
24%
Querrien Kerien
24%
Lanhouarneau Lanhouarne
24%
Leuhan Leuc’han
24%
Logonna-Daoulas Logonna-Daoulaz
24%
Lothey Lotei
24%
Melgven Mêlwenn
24%
Milizac-Guipronvel Milizag Gwipronvel
24%
Pleyben Pleiben
24%
Pleyber-Christ Pleiber-Krist
24%
Plouguin Plougin
24%
Plouzané Plouzane
24%
Saint-Hernin Sant-Hern
24%
Saint-Ségal Sant Segal
24%
Taulé Taolé
24%
Trémaouézan Tremaouezan
24%
Le Drennec An Dreneg
21%
Ergué-Gabéric An Erge Vras
21%
La Forest-Landerneau Ar Forest Landerne
21%
Berrien Berien
21%
Fouesnant Fouenant
21%
Gouesnac'h Gouenac'h
21%
Guimaëc Gwimaeg
21%
Guisseny Gwiseni
21%
Quéménéven Kemeneven
21%
Collorec Koloreg
21%
Lannédern Lanedern
21%
Motreff Motrev
21%
Plonévez-du-Faou Plonevez ar Faou
21%
Plouescat Ploueskad
21%
Plouyé Plouie
21%
Poullaouen Poullaouen
21%
Saint-Frégant Sant-Fregan
21%
Saint-Thonan Sant-Tonan
21%
Saint-Thurien Sant-Turian
21%
Trégarantec Tregaranteg
21%
Tréguennec Tregeneg
21%
Trégunc Tregon
21%
Tréouergat Treouergad
21%
La Forêt-Fouesnant Ar Forest Fouen
18%
Le Juch Ar Yeuc’h
18%
Botmeur Bodmeur
18%
Gouesnou Gouenoù
18%
Combrit Kombrid
18%
Lanarvily Lannarvili
18%
Locronan Lokorn
18%
Moëlan-sur-Mer Molan
18%
Plouénan Plouenan
18%
Plougastel-Daoulas Plougastell-Daoulaz
18%
Plouider Plouider
18%
Plouigneau Plouigno
18%
Plomeur Ploveur
18%
Plozévet Plozeved
18%
Pont-Croix Pontekroaz
18%
Saint-Divy Sant Divi
18%
Huelgoat Uhelgoad
18%
Hôpital-Camfrout An Ospital
15%
Bourg-Blanc Ar Vourc'h Wenn
15%
Guimiliau Gwimilio
15%
Ploudalmezeau Gwitalmeze
15%
Cléden-Cap-Sizun Kledenn ar C'hab
15%
Loperhet Loperc’hed
15%
Plogastel-Saint-Germain Plogastell-Sant-Jermen
15%
Plonévez-Porzay Plonevez-Porzhe
15%
Plouarzel Plouarzhel
15%
Plomodiern Ploudiern
15%
Plougasnou Plouganoù
15%
Plounéour-Ménez Plouneour-Menez
15%
Pluguffan Pluguen
15%
Pont-l'Abbé Pont-N’Abad
15%
Saint-Jean-du-Doigt Sant Yann ar Biz
15%
Scrignac Skrigneg
15%
Le Relecq-Kerhuon Ar Releg-Kerhuon
12%
Bohars Boc'harzh
12%
Brasparts Brasparts
12%
Ile-de-Batz Enez Vaz
12%
Châteauneuf-du-Faou Kastell Nevez ar Faou
12%
Confort-Meilars Konforzh-Meilar
12%
Plougonvelin Plougonvelen
12%
Porspoder Porzpoder
12%
Poullan-sur-Mer Poullann
12%
Saint-Jean-Trolimon Sant Yann Drolimon
12%
Arzano An Arzhanaou
9%
Le Trévoux An Treoù Kerne
9%
Le Folgoët Ar Folgoad
9%
Guilvinec Gelveneg
9%
Guerlesquin Gwerliskin
9%
Guiclan Gwiglann
9%
Irvillac Irvilhag
9%
Saint-Pol-de-Léon Kastell Paol
9%
Clohars-Fouesnant Kloar-Fouen
9%
Clohars-Carnoët Kloar-Karnoed
9%
Lampaul-Guimiliau Lambaol Gwimilio
9%
Saint-Renan Lokournan
9%
Plouédern Ploedern
9%
Plouhinec Ploeneg
9%
Plougoulm Plougouloum
9%
Ploudaniel Plouzeniel
9%
Plomelin Ploveilh
9%
Rosnoën Rosloc’hen
9%
Saint-Eloy Sant Alar
9%
Sainte-Sève Sant Seo
9%
Saint-Nic Sant Vig
9%
Telgruc-sur-Mer Terrug
9%
Tréogat Trêgad
9%
Le- Tréhou An Treoù-Leon
6%
Argol Argoll
6%
La Roche-Maurice Ar Roc’h Morvan
6%
Botsorhel Bodsorc'hel
6%
Goulven Goulc'hen
6%
Goulien Goulhien
6%
Guiligomarc'h Gwelegouarc'h
6%
Plougar Gwikar
6%
Guiler-sur-Goyen Gwiler-Kerne
6%
Plounévez-Lochrist Gwinevez
6%
Cléden-Poher Kledenn-Poher
6%
Le Cloître-Pleyben Kloastr-Pleiben
6%
Lampaul-Plouarzel Lambaol Blouarzhel
6%
Saint-Urbain Lannurvan
6%
Lanrivoaré Lanriware
6%
Loqueffret Lokeored
6%
Loc-Brévalaire Loprevaler
6%
Mespaul Mezpaul
6%
Pencran Penn ar C’hrann
6%
Plonéour-Lanvern Ploneour-Lanwern
6%
Ploumoguer Plonger
6%
Plourin-lès-Morlaix Plourin-Montroulez
6%
Pleuven Pluwenn
6%
Pont-Aven Pont-Aën
6%
Pouldergat : Pouldregad
6%
Primelin Prevel
6%
Peumerit Purid
6%
Saint-Coulitz Sant Kouled
6%
Saint-Martin-des-Champs Sant Martin War ar Maez
6%
Saint-Méen Sant Neven
6%
Saint-Rivoal Sant Riwal
6%
Saint-Thégonnec Loc-Eguiner Sant Tegoneg
6%
Saint-Goazec Sant-Wazeg
6%
Sibiril Sibirill
6%
Spézet Speied
6%
Treflaouenan Trelaouenan
6%
Tréflez Trelez
6%
Saint-Sauveur An Dre Nevez
3%
Le Cloître-Saint-Thégonnec Ar C’hloastr Plourin
3%
La Feuillée Ar Fouillez
3%
La Martyre Ar Merzher
3%
Plounévézel Plonevell
3%
Briec (sur l'Odet) Briziec
3%
Dinéault Dineoi
3%
Plougourvest Gwikourvest
3%
Plounéventer Gwineventer
3%
Henvic Hengwik
3%
Carantec Karenteg
3%
Carhaix-Plouguer Karhaix-Karaez
3%
Kersaint-Plabennec Kerzent
3%
Coat-Méal Koz-Meal
3%
Lampaul-Ploudalmézeau Lambaol Gwilalmeze
3%
Lanneuffret Lanneured
3%
Treffiagat Lechiagat
3%
Loc-Eguiner Logeginer Plouziri
3%
Port-Launay Meilh ar Wern
3%
Ile-de-Molène Moal Enez
3%
Plouégat-Guérand Plegad-Gwerann
3%
Plouégat-Moysan Plegad-Moezan
3%
Pouldreuzic Ploedreuzic
3%
Plouvorn Ploemaorn
3%
Plouzévédé Ploezévédé
3%
Plougonven Plogonven
3%
Plounéour-Brignogan-plages Plouneour-Traezh
3%
Plouvien Plouyen
3%
Ploudiry Plouziri
3%
Plovan Plozvan
3%
Ploéven Poeven
3%
Pont-de-Buis-lès-Quimerch Pont ar Veuzenn-Kimarc’h
3%
Plobannalec-Lesconil Pornaleg-Leskonil
3%
Rosporden Rospreden
3%
Saint-Derrien Sant Derc’hen
3%
Saint-Vougay Sant-Nouga
3%
Saint-Thois Santoz
3%
Saint-Servais Sant Servez
3%
Tréflévénez Trelevenez
3%
Trézilidé Trezelide
3%
Aucun quiz correspondant
Distribution des résultats
% des personnes avec chaque résultat
Percentile par nombre de réponses
Votre historique - résultats
Vous n’avez pas pris ce quiz